LIBRARY & INFORMATION CENTRE, KCAET, TAVANUR

ONLINE PUBLIC ACCESS CATALOGUE (OPAC)

Laboratory studies on soil moisture flow and runoff generation in laterite soil (Record no. 15243)

MARC details
000 -LEADER
fixed length control field 00629nam a22001697a 4500
003 - CONTROL NUMBER IDENTIFIER
control field OSt
088 ## - REPORT NUMBER
Report number T 83
100 ## - MAIN ENTRY--AUTHOR NAME
Personal name ROSHNI SEBASTIAN
245 ## - TITLE STATEMENT
Title Laboratory studies on soil moisture flow and runoff generation in laterite soil
260 ## - PUBLICATION, DISTRIBUTION, ETC. (IMPRINT)
Place of publication Tavanur 1998
Name of publisher Kelappaji College of Agricultural Engineering and Technology
300 ## - PHYSICAL DESCRIPTION
Number of Pages 98
500 ## - GENERAL NOTE
General note Laboratory studies on soil moisture flow and runoff generation in laterite soil
520 ## - SUMMARY, ETC.
Summary, etc Laboratory studies on soil moisture flow and runoff generation in laterite soil
700 ## - ADDED ENTRY--PERSONAL NAME
Personal name Er. Noble Abraham (Guide)
942 ## - ADDED ENTRY ELEMENTS (KOHA)
Koha item type Theses
Holdings
Collection code Home library Current library Shelving location Full call number Accession Number Koha item type Public note
Reference KAUAET KAUAET Reference 631.75807 ROS/LA T 83 Theses M.Tech Thesis
free website counter